Marques de vêtements - Statistiques

Statistiques générales
  • Ce quiz a été pris 5 556 fois
  • Le résultat moyen est 14 sur 20
Statistiques - réponses
Par images Réponse % Correct
Nike
100%
Adidas
99%
Lacoste
98%
Jordan
95%
Fila
94%
New Balance
94%
Calvin Klein
90%
Gucci
89%
Louis Vuitton
88%
Yves Saint Laurent
86%
Le Coq Sportif
82%
The North Face
81%
Kappa
78%
Ellesse
61%
Versace
49%
Reebok
45%
Carhartt
40%
Yeezy
36%
Oakley
24%
Giorgio Armani
3%
Aucun quiz correspondant
Distribution des résultats
% des personnes avec chaque résultat
Percentile par nombre de réponses
Votre historique - résultats
Vous n’avez pas pris ce quiz